| 000 | 00447nam a2200193Ia 4500 | ||
|---|---|---|---|
| 999 |
_c54693 _d54693 |
||
| 003 | 0100 | ||
| 005 | 20190715124422.0 | ||
| 008 | 130303s9999 xx 000 0 und d | ||
| 040 | _cARRUPELIB | ||
| 050 | _aHB107.P4M8 1952 | ||
| 100 |
_aMulcahy, Richard E _946652 |
||
| 245 | 4 | _aThe economics of Heinrich Pesch | |
| 260 |
_aNew York _bHolt _c1952 |
||
| 300 | _a228p. | ||
| 300 | _b 23 cm | ||
| 650 |
_bPesch, Heinrich, _946653 _y 1854-1926 |
||
| 942 | 0 | 0 |
_02 _2lcc _cMONOGRAPH |